000 00981nam a22002417a 4500
999 _c16695
_d16695
003 AR-CdUCM
008 190504b ||||| |||| 00| 0 spa d
040 _aMUNICIPALIDAD PROVINCIAL DEL CUSCO
_cBIBLIOTECA MUNICIPAL DEL CUSCO
082 _a541.2 /
_bK79
100 _aKramers H. A.
_936286
245 _aEl átomo y su estructura :
_bsegún la teoría de N. Bohr /
260 _aMadrid :
_bRevista de Occidente,
_c1925.
300 _a259 páginas ;
_bfiguras, tablas, diagramas,
_c17 cm.
440 _aBiblioteca de la Revista de Occidente.
_936246
505 _aContenido: Átomos y moléculas -- Las ondas luminosas y el espectro -- Iones y electrones -- El átomo como sistema planetario -- Teoría de Bohr del espectro de hidrógeno ...
650 _aCiencia
_92098
650 _aÁtomo
_921055
650 _aEspacio
_920858
650 _aFísica
_92382
700 _aRodríguez Bachiller, Tomás (traducción)
_936287
942 _2ddc
_cLIBROS
945 _aachl
_d2019-05-04